| 000 | 00471nam a2200157Ia 4500 | ||
|---|---|---|---|
| 008 | 210716s1998 xx 000 0 und d | ||
| 020 | _a013859810X | ||
| 041 | _aeng | ||
| 082 | _a658.4 WAGJ | ||
| 100 | _aWagner, John A;Hollenbeck, John R. | ||
| 245 |
_aOrganizational behavior: securing competitive advantage. _bSecuring competitive advantage. |
||
| 250 | _a3 | ||
| 260 |
_aNew Jersey _bPrentice Hall _c1998 |
||
| 300 | _axix,444 | ||
| 650 | _aOrganisational Behavior | ||
| 999 |
_c200737 _d200737 |
||